000 00303nam a2200121Ia 4500
008 190216s9999||||xx |||||||||||||| ||und||
100 _aSrinivasan K N
245 0 _aKrithrima Beejadharanm Kannukalikalil
260 _bKerala Bhasha Institute
_c1975
300 _a111p
650 _aZoology
942 _cBK
999 _c37616
_d37616